| 000 | 01417cam a22003497a 4500 | ||
|---|---|---|---|
| 003 | CHAP | ||
| 005 | 20220817043621.0 | ||
| 008 | 000215d1996 tw ad r 10010 eng d | ||
| 010 | _a79880 | ||
| 011 | _a80852 | ||
| 020 | _a9579539103 | ||
| 035 | _a91306 | ||
| 040 | _cCHAP | ||
| 082 | 0 | 4 |
_a632.96 _bF7 |
| 110 | 2 | _aFood and Fertilizer Technology Center for the Asian and Pacific Region | |
| 245 | 1 | 0 |
_aBiological pest control in systems of integrated pest management: _bproceedings of the ..... _c/by Food and Fertilizer Technology Center for the Asian and Pacific Region |
| 260 |
_aTaipei, China : _bFood and Fertilizer Technology Center for the Asian and Pacific Region, _c1996. |
||
| 300 |
_a290 p. : _bgráfs. |
||
| 490 | 0 |
_aFFTC. Book series _v; 47 |
|
| 590 |
_aBATCH-UPD _b10 _c20130110 _lUCH01 _h0754 |
||
| 590 |
_aBATCH-UPD _b10 _c20130410 _lUCH01 _h0434 |
||
| 590 |
_aBATCH-UPD _b10 _c20130914 _lUCH01 _h1047 |
||
| 590 |
_aCONVERSION _b10 _c20130109 _lUCH01 _h1344 |
||
| 650 | 1 | 4 |
_aControl biológico de plagas. _927587 |
| 650 | 1 | 4 |
_aManejo integrado de plagas. _970365 |
| 710 | 0 |
_aInternational Symposium on The Use of Biological Control Agents under Integrated Pest Management _d(1993 : _cFukuoka, Japan) _960036 |
|
| 830 | 0 |
_aFFTC. Book series _v; 47 _940685 |
|
| 901 | _aBK | ||
| 905 | _aBlanca M. García O. | ||
| 942 | _cLIBRO | ||
| 949 |
_a632.96 F7 _bBC _cLIBRO _d33724000739942 _eLIBRO _h96412 _i91306 _si |
||
| 999 |
_c79880 _d79880 |
||